First Word Emmy Winners Quiz Stats

 Plays Quiz Updated Jan 23, 2018

Challenge
Share
Tweet
Embed
Score 0/30 Timer 04:00
3 Plays Today
First Word % Correct
Game
98%
Law
97.9%
Sex
97.7%
Everybody
97.4%
I
96.6%
Will
96.5%
Arrested
95.9%
Mission:
94.7%
Breaking
94%
All
92.3%
Get
89.6%
Hill
85.2%
Cagney
85.2%
Mad
81.7%
Northern
80.6%
First Word % Correct
30
80.1%
Make
74.7%
Murphy
74%
Modern
71%
Picket
70%
Barney
69.7%
Upstairs,
68.7%
NYPD
67.3%
Marcus
65.3%
Lou
61.7%
Art
58.4%
My
56.1%
Police
17.1%
Elizabeth
7%
Studio
3%

You're not logged in!

Compare scores with friends on all Sporcle quizzes.
Join for Free
OR
Log In

You Might Also Like...

Show Comments

Extras

Top Quizzes Today


Score Distribution

Your Account Isn't Verified!

In order to create a playlist on Sporcle, you need to verify the email address you used during registration. Go to your Sporcle Settings to finish the process.

Report this User

Report this user for behavior that violates our Community Guidelines.

Details: